000 00636nam a2200241Ia 4500
003 OSt
005 20221006145320.0
006 a|||||r|||| 00| 0
007 ta
008 221006b |||||||| |||| 00| 0 eng d
020 _c
_6.00
024 _a14,431
037 _cTextual
040 _aEASL
_cEASL
_beng
041 _2eng
_aeng
082 _aO41.N5, K3
100 _aSCOTT A.C
_9654108
245 0 _aLiterature and the arts in twentieth century China
260 _aLondon
_bGeorge Allen and Unwin Ltd
_c1963
300 _a211p.
_ccm.
942 _hO41.N5, K3
_cTEXL
_2CC
999 _c1082517
_d1082517